00273nam a2200109Ia 4500008004100000100001400041245004600055260002600101650001200127942000700139999001700146190216s9999||||xx |||||||||||||| ||und|| aPylee M V 0aConstitutional History Of India 1600-1950 bAsia Publishing House aHistory cBK c18713d18713